| 000 | 00585nam a2200217Ia 4500 | ||
|---|---|---|---|
| 003 | OSt | ||
| 005 | 20260522123546.0 | ||
| 008 | 210210b1995 xxu||||| |||| 00| 0 eng d | ||
| 020 | _a81 206 1036 9 | ||
| 040 | _cAL | ||
| 041 | _aEnglish | ||
| 082 | _a954.01 PRIE | ||
| 100 |
_aPRINSEP (James). _9264369 |
||
| 245 | _aEssays on Indian antiquities historic, numismatic and palaeographic. Vol 1. | ||
| 260 |
_aNew Delhi. _bAsian Educational Services., _c1995 |
||
| 300 | _axvi,435 | ||
| 440 |
_a1 _9264370 |
||
| 690 |
_aIndian History _9264371 |
||
| 906 | _a050278 | ||
| 942 |
_2ddc _cBK |
||
| 999 |
_c98816 _d98816 |
||